LEADER 00913cam0 22002773 450 001 SOB0000002510 005 20220128090707.0 010 $a8824308244 100 $a20010222d1989 |||||ita|0103 ba 101 $aita 102 $aIT 200 1 $aForze, leggi e poteri$fGino Capozzi 210 $aNapoli$cJovene$d[1989] 215 $a378 p.$d21 cm 225 2 $aSaggi di Filosofia giuridica e politica$v3 410 1$1001LAEC00017587$12001 $a*Saggi di Filosofia giuridica e politica$v3 700 1$aCapozzi$b, Gino$3AF00009545$4070$0469425 801 0$aIT$bUNISOB$c20220128$gRICA 850 $aUNISOB 852 $aUNISOB$j340.1$m87047 912 $aSOB0000002510 940 $aM 102 Monografia moderna SBN 941 $aM 957 $a340.1$b000946$gSI$d87047$rACQUISTO$p50.000$1rovito$2UNISOB$3UNISOB$420220128090655.0$520220128090707.0$6rovito 996 $aForze, leggi e poteri$9890339 997 $aUNISOB